Economies et sociétés : no. 1, janvier 1967 : philosophie et sciences de l'homme /

Revista fundada en 1944 por François Perroux, de gran alcance internacional, que publica doce números por año. El objetivo central es actualizar los conceptos de la investigación y la teoría económicas, así como el análisis crítico de los hechos económicos a través de números monográficos.

محفوظ في:
التفاصيل البيبلوغرافية
مؤلف مشترك: Institut des Sciences Mathématiques et Economiques Appliquées
مؤلفون آخرون: Perroux, François (dirección) (dirección), Barre, Raymond (dirección) (dirección)
التنسيق: كتاب
اللغة:الفرنسية
سلاسل:(Cahiers de l'Institut des Sciences Mathématiques et Economiques Appliquées. Série M ; 24)
(Cahiers de l'Institut des Sciences Mathématiques et Economiques Appliquées. Série V ; 10)
(Cahiers de l'Institut des Sciences Mathématiques et Economiques Appliquées. Série G ; 25)
(Cahiers de l'Institut des Sciences Mathématiques et Economiques Appliquées. Série AF ; 8)
(Cahiers de l'Institut des Sciences Mathématiques et Economiques Appliquées. Série P ; 13)
(Cahiers de l'Institut des Sciences Mathématiques et Economiques Appliquées. Série S ; 11)
الموضوعات:
الوسوم: إضافة وسم
لا توجد وسوم, كن أول من يضع وسما على هذه التسجيلة!

MARC

LEADER 00000nam^a2200000^a^4500
001 000364777
005 20250521000000.0
009 20260310115625.536
037 |a Acervo ITESO - Biblioteca 
041 |a FRA 
082 |a 330. 05  |b INS ECS 1967 V. 1-6 
110 |a Institut des Sciences Mathématiques et Economiques Appliquées 
240 1 1 |a [Economies et sociétés] 
245 1 0 |a Economies et sociétés :  |b no. 1, janvier 1967 : philosophie et sciences de l'homme /  |c Dir. de F. Perroux, R. Barre. 
264 |a París, Francia :  |b Institut des Sciences Mathématiques et Economiques Appliquées ;  |b Presses Universitaires de France,  |c 1967 
300 |a 1 v. (varias paginaciones) 
336 |a texto  |b txt  |2 rdacontenido 
337 |a sin mediación  |b n  |2 rdamedio 
338 |a volumen  |b nc  |2 rdasoporte 
440 1 |a (Cahiers de l'Institut des Sciences Mathématiques et Economiques Appliquées.  |p Série M ;  |v 24) 
440 1 |a (Cahiers de l'Institut des Sciences Mathématiques et Economiques Appliquées.  |p Série V ;  |v 10) 
440 1 |a (Cahiers de l'Institut des Sciences Mathématiques et Economiques Appliquées.  |p Série G ;  |v 25) 
440 1 |a (Cahiers de l'Institut des Sciences Mathématiques et Economiques Appliquées.  |p Série AF ;  |v 8) 
440 1 |a (Cahiers de l'Institut des Sciences Mathématiques et Economiques Appliquées.  |p Série P ;  |v 13) 
440 1 |a (Cahiers de l'Institut des Sciences Mathématiques et Economiques Appliquées.  |p Série S ;  |v 11) 
501 |a Encuadernación particular 
520 |a Revista fundada en 1944 por François Perroux, de gran alcance internacional, que publica doce números por año. El objetivo central es actualizar los conceptos de la investigación y la teoría económicas, así como el análisis crítico de los hechos económicos a través de números monográficos. 
561 |a Ex libris de Xavier Scheifler Amézaga 
561 |a Ex libris de Biblioteca Universidad Iberoamericana Plantel Noroeste 
610 |a Fondo Monetario Internacional 
610 |a FAO 
649 |a XX 
650 |a Sueldos y Salarios 
650 |a Reforma Económica 
650 |a Desarrollo Económico-Social 
650 |a Macroeconomía 
650 |a Marxismo 
650 |a Relaciones Internacionales 
650 |a Comercio Exterior 
650 |a Comercio Internacional 
650 |a Economía Política 
650 |a Economía -  |z Francia -  |x Historia -  |y Segundo Imperio, 1852-1870 
650 |a Economía -  |z Europa Oriental 
650 |a Economía -  |z Africa 
650 |a Economía -  |x Publicaciones Periódicas Francesas -  |x Tema Principal 
650 |a Filosofía de la Ciencia 
650 |a Ciencia -  |x Metodología 
650 |a Francia -  |x Historia -  |y Segundo Imperio, 1852-1870 
650 |a Francia -  |x Historia -  |y Período Moderno, 1848-1919 
650 |a Publicaciones Periódicas Francesas 
740 0 |a Economies et sociétés :  |b no. 2, février 1967 : economie : ethnologie : sociologie /  |c Dir. de F. Perroux, R. Barre. 
740 0 |a Economies et sociétés :  |b no. 3, mars 1967 : la réforme économique dans l'Europe de l'Est /  |c Dir. de F. Perroux, R. Barre. 
740 0 |a Economies et sociétés :  |b no. 4, avril 1967 : salaires et profits industriels en France : sous la monarchie de Juillet et le Second Empire /  |c Dir. de F. Perroux, R. Barre. 
740 0 |a Economies et sociétés :  |b no. 5, mai 1967 : prévisions et principes d'action du commerce mondial /  |c Dir. de F. Perroux, R. Barre. 
740 0 |a Economies et sociétés :  |b no. 6, juin 1967 : le capital cent ans après /  |c Dir. de F. Perroux, R. Barre. 
700 |a Perroux, François  |e (dirección) 
700 |a Barre, Raymond  |e (dirección) 
910 |a Fondo Xavier Scheifler Amézaga S.J. 
920 |a Impresos - Libros 
930 |a Fondos Especiales 
905 |a 124 
901 |a 0500258361  |b IT2  |c ESP  |i D60938  |u 20250521 
902 |a https://opac.biblio.iteso.mx/vufind/Record/000364777